| 000 | 01353nam a2200265Ia 4500 | ||
|---|---|---|---|
| 003 | Ost | ||
| 005 | 20260507075338.0 | ||
| 008 | 260507s9999||||xx |||||||||||||| ||und|| | ||
| 020 | _a9789957064464 | ||
| 040 | _cfsecg | ||
| 041 | _aara | ||
| 082 | _a330 | ||
| 100 |
_aعزام، زكريا أحمد _eمؤلف |
||
| 245 | 0 |
_aمبادئ التسويق : _bبين النظرية و التطبيق / _c زكريا أحمد عزام |
|
| 250 | _aطبعة 2 | ||
| 260 |
_aعمان: _bدار المسيرة, _c2011 |
||
| 300 |
_a448 صفحة؛ _bإيضاحات ؛ _c25 سم |
||
| 504 | _a(اقتناءات 2014 3ن) | ||
| 520 | _aمقدمة في التسويق ، البيئة التسويقية و تجزئة السوق و سلوك المستهلك و المعلومات و البحوث التسويقية و سياسات و قرارات المنتجات و تطوير المنتجات الجديدة و تسويق الخدمات ، التسعير و التوزيع و الترويج ، التسويق الالكتروني و التجارة الالكترونية مع وجود أسئلة للمناقشة في نهاية كل فصل | ||
| 653 | _aأدارة المبيعات | ||
| 653 | _aالتسويق | ||
| 653 | _aالتسويق الإلكتروني | ||
| 700 |
_aحسونة، عبد الباسط _eمؤلف ثانوي |
||
| 942 | _cكتاب | ||
| 999 |
_c44064 _d44064 |
||